| 000 | 00947nam0a22002291 4500 | ||
|---|---|---|---|
| 001 | rc\4922587 | ||
| 005 | 20260407193535.0 | ||
| 035 | _a(NLR Aleph) 008842062 | ||
| 090 |
_a8349216 _c8349216 |
||
| 100 | _a20130426a19589999|||y0rusy50 ca | ||
| 101 | 0 | _arus | |
| 102 | _aRU | ||
| 105 | _ay z ||||| | ||
| 200 | 1 |
_aТехнический сборник _eИздание БТИ и НТО _fПрокопьевский завод "Электромашина" |
|
| 210 |
_aПрокопьевск _cБ. и. _d1958- |
||
| 710 | 0 | 2 |
_a"Электромашина", завод _cПрокопьевск _3RU\NLR\AUTH\8810127367 _9751996 |
| 801 | 0 |
_aRU _bNLR _gpsbo |
|
| 801 | 1 |
_aRU _bELAR _2rusmarc |
|
| 830 | _aПеречень имеющихся в библиотеке томов, номеров, годов этого издания смотри в каталоге периодических изданий | ||
| 852 |
_aNLR _jП49/508 |
||
| 942 | _cBOOK | ||
| 980 | _aNB | ||